Cẩm nang nội trợ: Phương pháp chế biến 550 món ăn ngon miệng, dễ làm
Na minha lista:
| Autor principal: | |
|---|---|
| Formato: | Livro |
| Idioma: | Undetermined |
| Publicado em: |
Hà Nội
Văn hóa Thông tin
2007
|
| Assuntos: | |
| Tags: |
Adicionar Tag
Sem tags, seja o primeiro a adicionar uma tag!
|
| Thư viện lưu trữ: | Trung tâm Học liệu Trường Đại học Cần Thơ |
|---|
| LEADER | 00605nam a2200205Ia 4500 | ||
|---|---|---|---|
| 001 | CTU_128555 | ||
| 008 | 210402s9999 xx 000 0 und d | ||
| 020 | |c 40000 | ||
| 082 | |a 641.5 | ||
| 082 | |b Tr100 | ||
| 100 | |a Trà My | ||
| 245 | 0 | |a Cẩm nang nội trợ: | |
| 245 | 0 | |b Phương pháp chế biến 550 món ăn ngon miệng, dễ làm | |
| 245 | 0 | |c Trà My và Hoài Thu | |
| 260 | |a Hà Nội | ||
| 260 | |b Văn hóa Thông tin | ||
| 260 | |c 2007 | ||
| 650 | |a Cookery, Vietnamese | ||
| 904 | |i Minh | ||
| 980 | |a Trung tâm Học liệu Trường Đại học Cần Thơ | ||